| 000 | 00567nam a2200217Ia 4500 | ||
|---|---|---|---|
| 008 | 220216s9999 xx 000 0 und d | ||
| 100 | _aLakshmanan R. | ||
| 245 | 0 | _aPolythene mulching in rubber seedling nursery | |
| 260 |
_bIndian Journal of Natural Rubber Research _c1995 |
||
| 300 | _a13-20 | ||
| 650 | _aPolythene | ||
| 650 | _aPolythene mulching | ||
| 650 | _aSeedling nursery | ||
| 650 | _aSoil temperature | ||
| 650 | _aWeed control | ||
| 700 | _aMani J. | ||
| 700 | _aMathew M. | ||
| 700 | _aPothen J. | ||
| 700 | _aPunnoose K.I. | ||
| 942 | _cBS | ||
| 999 |
_c51270 _d51270 |
||